[Event "LSS SD-2009-0-00047"]
[Site "LSS email"]
[Date "2010.01.04"]
[Round "?"]
[White "Romero Galvez, Marco Antonio"]
[Black "Lavis, Jon"]
[Result "0-1"]
[WhiteElo "1273"]
[BlackElo "1699"]
[PlyCount "58"]
[EventDate "2009.12.03"]
[EventType "tourn (corr)"]
[EventRounds "6"]
[EventCountry "GER"]
[SourceTitle "Corr 2013"]
[Source "ChessBase"]
[SourceDate "2012.11.12"]
[SourceVersion "1"]
[SourceVersionDate "2012.11.12"]
[SourceQuality "1"]
[WhiteTeam "US of America"]
[BlackTeam "US of America"]
[WhiteTeamCountry "USA"]
[BlackTeamCountry "USA"]

1. Nf3 g6 2. e4 Bg7 3. d4 d6 4. c4 Bg4 5. Be2 Nd7 6. 0-0 c5 7. Be3 Bxf3 8. Bxf3 cxd4 9. Bxd4 Bxd4 10. Qxd4 Ngf6 11. Nc3 Qb6 12. Qd2 Ne5 13. Be2 0-0 14. Kh1 Qc5 15. b3 a6 16. f4 Nc6 17. f5 Qe5 18. Bd3 Rad8 19. Rae1 e6 20. fxg6 fxg6 21. h3 Nh5 22. Kg1 Qd4+ 23. Kh2 Qe5+ 24. Kg1 Ng3 25. Rxf8+ Rxf8 26. Ne2 Nf1 27. Rxf1 Qc5+ 28. Kh2 Rxf1 29. Qg5 Qxg5 0-1

[Event "LSS OP-2009-0-01036"]
[Site "LSS email"]
[Date "2010.01.02"]
[Round "?"]
[White "Romero Galvez, Marco Antonio"]
[Black "Van Rooijen, Peter"]
[Result "0-1"]
[WhiteElo "1400"]
[BlackElo "1925"]
[PlyCount "50"]
[EventDate "2009.12.27"]
[EventType "tourn (corr)"]
[EventRounds "4"]
[EventCountry "GER"]
[SourceTitle "Corr 2013"]
[Source "ChessBase"]
[SourceDate "2012.11.12"]
[SourceVersion "1"]
[SourceVersionDate "2012.11.12"]
[SourceQuality "1"]

1. e4 e6 2. Nf3 d5 3. exd5 exd5 4. d4 Nf6 5. Be3 Nc6 6. Bb5 Bd6 7. 0-0 0-0 8. Bg5 h6 9. Bh4 Re8 10. Nc3 g5 11. Bg3 Bg4 12. Qd3 Nb4 13. Qd2 c6 14. Bd3 Ne4 15. Bxe4 dxe4 16. Bxd6 Qxd6 17. Ne5 Rxe5 18. h4 c5 19. hxg5 Qxd4 20. Qe1 Nxc2 21. Qc1 Rxg5 22. Qxc2 Bf3 23. Rfd1 Rxg2+ 24. Kf1 Rh2 25. Ne2 Qxf2# 0-1